| 000 | 00459nas a22001813 4500 | ||
|---|---|---|---|
| 001 | 10850277 | ||
| 008 | 900303u xx u 0 0 0und | ||
| 010 | _asv 90008366 | ||
| 041 | _aeng | ||
| 080 | _a62 | ||
| 100 | _a27 | ||
| 101 | _aIM | ||
| 245 | 0 | 0 |
_aAluminum Company of America. Alcoa structural handbook. _cALUMINUM |
| 310 | _aUnknown | ||
| 590 | _aHoldings in 3x5 file. | ||
| 906 |
_a0 _bbbc _cserlocs _du _encip _f19 _gilsserca |
||
| 942 |
_2ddc _cBK |
||
| 999 |
_c42383 _d42383 |
||